Countries With the Most Squirrels - Statistics

General Stats
  • This quiz has been taken 50 times
  • The average score is 13 of 15
Answer Stats
Grey Squirrels Country % Correct
40M United States
100%
10M Canada
98%
1M France
93%
2.5M United Kingdom
93%
1M Germany
91%
10M Russia
91%
500K Spain
89%
2M China
87%
500K Italy
84%
500K Norway
80%
1M Sweden
80%
500K Finland
78%
1M India
71%
500K Poland
71%
500K Brazil
62%
No matching quizzes found
Score Distribution
Percent of People with Each Score
Percentile by Number Answered
Your Score History
You have not taken this quiz